Edo Musashino no konjaku /

Saved in:
Bibliographic Details
Main Author: Kubota, Meiji, 1897-
Format: Book
Language:Japanese
Published: Tōkyō : Yūzankaku Shuppan, Shōwa 48 [1973]
Series:Monogatari rekishi bunko ; 39.
Subjects:
Tags: Add Tag
No Tags, Be the first to tag this record!
LEADER 01009nam a2200289 i 4500
001 007720009-8
005 20024617122053.0
008 960524s1973 ja a 000 0bjpn
010 |a 74800085 /J 
015 |a Ja73-18344 
035 0 |a ocm34787076 
040 |a DLC  |c PPiU  |d *YNH*  |d CStRLIN 
050 0 |a DS896.5  |b .K8 
100 1 |6 880-01  |a Kubota, Meiji,  |d 1897- 
245 1 0 |6 880-02  |a Edo Musashino no konjaku /  |c Kubota Meiji cho. 
260 |6 880-03  |a Tōkyō :  |b Yūzankaku Shuppan,  |c Shōwa 48 [1973] 
300 |a 372 p. :  |b ill. ;  |c 19 cm. 
490 1 |6 880-04  |a Monogatari rekishi bunko ;  |v 39 
651 0 |a Tokyo (Japan)  |x Social life and customs. 
880 1 |6 100-01  |a 窪田明治,  |d 1897- 
880 1 0 |6 245-02  |a 江戶武蔵野の今昔 /  |c 窪田明治著. 
880 |6 260-03  |a 東京 :  |b 雄山閣出版,  |c 昭和48 [1973] 
880 1 |6 490-04  |a 物語歴史文庫 ;  |v 39 
830 0 |6 880-54  |a Monogatari rekishi bunko ;  |v 39. 
880 0 |6 830-54  |a 物語歴史文庫 ;  |v 39. 
988 |a 20021220 
906 |0 DLC